|
|
|
|
| LEADER |
00882nab a2200241 i 4500 |
| 001 |
misc64962 |
| 005 |
20240906152932.0 |
| 008 |
240223s1959 hu o 000 rus d |
| 040 |
|
|
|a SZTE Miscellanea Repozitórium
|b hun
|
| 041 |
|
|
|a rus
|
| 100 |
1 |
|
|a Tenišev Èdgem Rahimovič
|
| 245 |
1 |
0 |
|a S. E. Malov, Âzyk želtyh ujgurov
|h [elektronikus dokumentum] :
|b slovar' i grammatika. Alma-Ata : Izdat. AN Kazahskoj SSR, 1957 : recenziâ /
|c Tenišev Èdgem Rahimovič
|
| 260 |
|
|
|c 1959
|
| 300 |
|
|
|a 136-138
|c 27 cm
|
| 300 |
|
|
|a [3] p.
|c 27 cm
|
| 490 |
0 |
|
|a Voprosy âzykoznaniâ
|
| 561 |
|
|
|a Németh Gyula hagyaték
|
| 591 |
|
|
|a NOA 5995
|
| 650 |
|
4 |
|a Bölcsészettudományok
|
| 650 |
|
4 |
|a Nyelvek és irodalom
|
| 695 |
|
|
|a Ujgur nyelv - könyvismertetés
|
| 700 |
0 |
1 |
|a Malov Sergej Efimovič
|
| 856 |
4 |
0 |
|u http://misc.bibl.u-szeged.hu/64962/1/5995_noa.pdf
|z Dokumentum-elérés
|